| 000 | 00858nam a2200193Ia 4500 | ||
|---|---|---|---|
| 999 |
_c38773 _d38773 |
||
| 001 | 5122 | ||
| 003 | GE_BSU | ||
| 005 | 20190612150651.0 | ||
| 008 | 181216s1963||||ge |||||||||||||| ||geo|| | ||
| 040 | _cGE_BSU | ||
| 041 | _ageo | ||
| 080 | _a744(075.1) ყ-57 | ||
| 100 |
_aყიფშიძე, კ. _92453 |
||
| 245 |
_aსამშენებლო ხაზვის საკონტროლო მოცულობათა ალბომი(ორთოგონალური გეგმილები, აქსონომეტრია, პერსპექტივა, ჩრდილები) / _cკ. ყიფშიძე |
||
| 264 |
_aთბილისი : _bსპი, _c1963. |
||
| 300 |
_a118 გვ. : _bნახაზები ; _c30 სმ. |
||
| 653 | _aსამშენებლო ხაზვა | ||
| 942 |
_cBK _2udc |
||